Local content in procurement (Record no. 74650)
[ view plain ]
| 000 -LEADER | |
|---|---|
| fixed length control field | 01486nam a2200361 a 4500 |
| 100 1# - MAIN ENTRY--AUTHOR NAME | |
| Personal name | Warner, Michael, |
| 245 10 - TITLE STATEMENT | |
| Title | Local content in procurement |
| 260 ## - PUBLICATION, DISTRIBUTION, ETC. (IMPRINT) | |
| Place of publication | Sheffield, U.K. : |
| Name of publisher | Greenleaf Pub., |
| Year of publication | [2011] |
| 300 ## - PHYSICAL DESCRIPTION | |
| Number of Pages | xi, 227 p. : |
| Other physical details | ill., port. |
| 650 #0 - SUBJECT ADDED ENTRY--TOPICAL TERM | |
| Topical Term | Industrial procurement |
| Topical Term | Petroleum industry and trade |
| Topical Term | Gas industry |
| Topical Term | Mineral industries |
| Topical Term | Regional economics. |
| Topical Term | Job creation. |
| 856 40 - ELECTRONIC LOCATION AND ACCESS | |
| Uniform Resource Identifier | http://site.ebrary.com/lib/rucke/Doc?id=10650053 |
No items available.
